000 00696nam a2200253Ia 4500
003 OSt
005 20221006142922.0
006 a|||||r|||| 00| 0
007 ta
008 221006b |||||||| |||| 00| 0 eng d
020 _a9780669197563
_c430.92
024 _a7,536
037 _cTextual
040 _aEASL
_cEASL
_beng
041 _2eng
_aeng
082 _aV42:594.N88, N0
100 _aFARRELL William R
_9648732
245 0 _aBlood and rage
_b The story of the Japanese red army
260 _aToronto
_bLexington Books
_c1990
300 _a265p.
_ccm.
490 _v JEL
942 _hV42:594.N88, N0
_cTEXL
_2CC
999 _c1075622
_d1075622